000
00321nam a22001457a 4500
008
210426b ||||| |||| 00| 0 eng d
020
_a
9780262522755
041
_a
eng
080
_a
32
082
_a
32
100
_a
20
101
_a
SHP
245
_a
Rational Choice and Security Studies
_c
Walt,S
942
_2
udc
_c
BK
999
_c
56787
_d
56787